000
00332 a2200133 4500
000
nam a22 7a 4500
005
20260107153535.0
100
_a
Negi, C.S.
_9
862768
245
_a
Traditional Ecological Knowledge and Ethnobotany
260
_b
BSMPS
_c
2024
440
_a
Volume 1
_9
862769
490
_a
Volume 1
942
_c
TEXL
999
_c
1467179
_d
1467179